Titan Europe 2006-3 plc v Colliers International UK plc (in liquidation) (Record no. 84649)

MARC details
000 -LEADER
fixed length control field 01051cab a22002175a 4500
001 - CONTROL NUMBER
control field L158654
008 - FIXED-LENGTH DATA ELEMENTS--GENERAL INFORMATION
fixed length control field 150526e2015 xxk 000 0 eng d
035 ## - SYSTEM CONTROL NUMBER
System control number (Sirsi) u158654
041 0# - LANGUAGE CODE
Language code of text/sound track or separate title eng
245 00 - TITLE STATEMENT
Title Titan Europe 2006-3 plc v Colliers International UK plc (in liquidation)
260 ## - PUBLICATION, DISTRIBUTION, ETC.
Date of publication, distribution, etc. 2015
520 ## - SUMMARY, ETC.
Summary, etc. [2015] EWCA Civ 1083, 3 November 2015. Appeal by defendant valuer C against claim for professional negligence for overvaluation of a commercial property in Germany. Margin of error principle of 15% established in "Singer v Friedland Ltd v John D Wood" 1977 considered. Appeal "upheld" as valuation within margin of error bracket.
590 ## - LOCAL NOTE (RLIN)
Local note KA
650 24 - SUBJECT ADDED ENTRY--TOPICAL TERM
Topical term or geographic name entry element TITAN EUROPE 2006-3 PLC V COLLIERS INTERNATIONAL UK PLC (IN LIQUIDATION)
650 24 - SUBJECT ADDED ENTRY--TOPICAL TERM
Topical term or geographic name entry element SINGER AND FRIEDLANDER LTD V JOHN D WOOD AND CO
650 24 - SUBJECT ADDED ENTRY--TOPICAL TERM
Topical term or geographic name entry element MARGIN OF ERROR
651 #4 - SUBJECT ADDED ENTRY--GEOGRAPHIC NAME
Geographic name United Kingdom
Chronological subdivision
690 ## - LOCAL SUBJECT ADDED ENTRY--TOPICAL TERM (OCLC, RLIN)
Topical term or geographic name as entry element Valuation
9 (RLIN) 6273
856 40 - ELECTRONIC LOCATION AND ACCESS
Uniform Resource Identifier <a href="https://www.bailii.org/ew/cases/EWCA/Civ/2015/1083.html">https://www.bailii.org/ew/cases/EWCA/Civ/2015/1083.html</a>
Public note View the law report free of charge at www.bailii.org
942 ## - ADDED ENTRY ELEMENTS (KOHA)
Suppress in OPAC 0
Holdings
Withdrawn status Lost status Source of classification or shelving scheme Damaged status Not for loan Home library Current library Shelving location Date acquired Total Checkouts Full call number Barcode Date last seen Copy number Price effective from Koha item type
    Dewey Decimal Classification     Virtual Virtual Online 26/05/2015   ONLINE PUBLICATION 158654-2001 06/08/2019 1 06/08/2019 Law report